000 01609aas a2200241 4500
999 _c4144
_d4144
003 BR-BrBNA
005 20230317234019.0
007 ta
008 230119b bl ||||| |||| 00| 0 por d
022 _a0254-6019
035 _a000485-5
040 _aBR-BrBNA
_bEngSpaFre
_cBR-BrBNA
042 _aN
044 _abl
245 _aFAO Animal Production and Health Paper
_cFood and Agriculture Organization of the United NationsOrganizacion de las Naciones Unidas para la Agricultura y la AlimentacionOrganization des Nations Unies pour l'Alimentation et l'Agriculture
260 _aRome, IT
_bFood and Agriculture Organization of the United Nations
_c1977
_eIT
270 _aViale delle Terme di Caracalla; 00100 Roma, Italia; Teléfono: +39 06 57051; Fax: +39 06 5705 3152; Télex: 625852/610181 FAO I / Telégrafo: FOODAGRI ROME; Correo electrónico: FAO-HQ@fao.org
310 _aperiodicidade desconchecida
505 _a1977 (4); 1978 (10); 1979 (13,14); 1980 (17,18,20 pt1 pt2); 1981 (22,23); 1982 (38); 1983 (37,40); 1984 (25); 1985 (51);1986 (50 pt2); 1987 (66); 1989 (75); 1990 (79,80-82,85); 1991 (77,83,84,87-92); 1992 (91,93,94,96-99,101,102,104,105); 1993 (107,109,111,114,116,117); 1994 (118-121); 1995 (115,122,123,125,126); 1996 (123,127-131); 1997 (132-135,137-139,140 pt2 pt1); 1998 (141,142); 1999 (143-145); 2000 (146); 2001 (113,148,150-152); 2002 (147,149,153,154); 2003 (155,156,157,159); 2004 (160-163); 2007 (164); 2008 (165); 2009 (167); 2010(168-170; 2011(171); 2012 (172-174); 2013 (175-176);
650 1 2 _gPRODUCAO ANIMAL; DEFESA ANIMAL
909 _a56
_bSergio Santos
_c56
_dSergio Santos
942 _cCR
_2AGRIS